000 00377nam a2200133Ia 4500
008 220217s9999||||xx |||||||||||||| ||und||
020 _a0-19-568158-4
082 _a519.3 OSB
100 _aOsborne, Martin, J
_96510
245 0 _aIntroduction to game theory
260 _aOxford university press
_bNew Delhi
_c2009
300 _aXVII, 533p.
_b375
650 _aMATHEMATICS
999 _c179000
_d179000